Fr. Conceicao Rodrigues College of Engineering

Programming wireless devices with the Java 2 Platform (Record no. 26042)

MARC details
000 -LEADER
fixed length control field 00378nam a2200157Ia 4500
082 ## - DEWEY DECIMAL CLASSIFICATION NUMBER
Classification number 5.133
Item number RIG
100 ## - MAIN ENTRY--PERSONAL NAME
Personal name Riggs/Roger/ Taivalsaari /A
245 ## - TITLE STATEMENT
Title Programming wireless devices with the Java 2 Platform
260 ## - PUBLICATION, DISTRIBUTION, ETC.
Name of publisher, distributor, etc. Pearson Education
Date of publication, distribution, etc. 2003
366 ## - TRADE AVAILABILITY INFORMATION
Publishers's discount category 20
300 ## - PHYSICAL DESCRIPTION
Extent 434
546 ## - LANGUAGE NOTE
Language note ENGLISH
650 ## - SUBJECT ADDED ENTRY--TOPICAL TERM
Topical term or geographic name entry element Wireless
654 ## - SUBJECT ADDED ENTRY--FACETED TOPICAL TERMS
Focus term wireless devices
942 ## - ADDED ENTRY ELEMENTS (KOHA)
Koha item type BOOK
Holdings
Withdrawn status Lost status Damaged status Not for loan Collection Home library Current library Date acquired Source of acquisition Cost, normal purchase price Inventory number Total Checkouts Full call number Barcode Date last seen Cost, replacement price Price effective from Koha item type
        CRC Fr. Agnel's C.Rodrigues College of Engineering Fr. Agnel's C.Rodrigues College of Engineering 17/03/2023 Milan Book Supplier 280.00 2055 dt 15/01/2010   5.133 RIG 20362 17/03/2023 350.00   BOOK